000
00326 a2200145 4500
001
74912
020
_a
97888598866345
040
_c
Anchieta - Colégio São Paulo
240
1
0
_a
Domingo na Praça
_l
por
245
1
0
_a
Domingo na Praça
300
_a
32
362
0
_a
2012
650
4
_a
Literatura infanto-juvenil
942
_c
BK
999
_c
74912
_d
74912